000 00297nam a2200133Ia 4500
005 20251222152633.0
008 251222s9999||||xx |||||||||||||| ||spa||
082 _a823.8/W73
100 _aWiseman, Nicolas E.
245 0 _aFabiola
250 _a3ra.ed.
264 _bUniverso S.A.
942 _cLIB
999 _c27806
_d27806